000 00831nas a2200301 4500
001 BR8400575
003 BR-BrBNA
005 20231205085754.0
007 ta
008 230509b bl.|||p| |||| 00| 00por d
040 _aBR-BrBNA
_bpor
_cBiblioteca Nacional de Agricultura
041 _a(Pt)
072 _aF25
100 1 _aPons, A.L.
245 1 _aA adubacao da cultura do milho [Zea mays]
246 1 _a[Fertilization in maize crop [Zea mays]]
650 _aADUBACAO
650 _aMILHO
650 _aFERTILIZANTE
650 _aCALAGEM
650 _aMICROELEMENTO
650 _aESTERCO
650 _aADUBO ORGÂNICO
650 _aADUBO VERDE
773 0 _tIPAGRO Informa (Brazil)
_xISSN 0100-3410
_g(Feb 1983), (no. 26) p. 33-54
_wBR8400575
909 _a202311
_bLúcia
_c55
_dLúcia Elande
942 _2AGRIS
_n0
_cANA
999 _c113704
_d113704